000 006240000a22002050004500
001 27596
010 _a978-972-20-2789-2
090 _a27596
100 _a20070719d2007 m y0pory5003 ba
101 0 _apor
102 _aPT
200 1 _aResponsabilidade e juĂ­zo
_fHannah Arendt
_gtrad. de Miguel Serras Perreira
210 _aLisboa
_cDom Quixote
_d2007
215 _aXXXVII, 249 p.
675 _a17
_vBN
_zpor
675 _a321
_vBN
_zpor
700 1 _aArendt
_bHannah
_f1906-1975
702 1 _936254
_4730
_aPerreira
_bMiguel Serras
942 _cMON
_n0
999 _a27596
_bBibliobase - BMTAV
_c2019-01-21